书目信息 |
| 题名: |
特诊特治支气管哮喘
|
|
| 作者: | 宫晓燕 , 王宛彭 主编 | |
| 分册: | ||
| 出版信息: | 北京 科学技术文献出版社 2008.02 |
|
| 页数: | 309页 | |
| 开本: | 21cm | |
| 丛书名: | ||
| 单 册: | ||
| 中图分类: | R562.2 | |
| 科图分类: | ||
| 主题词: | 哮喘--xiao chuan--诊疗 | |
| 电子资源: | ||
| ISBN: | 978-7-5023-5861-7 | |
| 000 | 01026nam0 2200253 450 | |
| 001 | 012008656734 | |
| 005 | 20080512145139.53 | |
| 010 | @a978-7-5023-5861-7@dCNY16.00 | |
| 100 | @a20080510d2008 em y0chiy0120 ea | |
| 101 | 0 | @achi |
| 102 | @aCN@b110000 | |
| 105 | @ay a 000yy | |
| 106 | @ar | |
| 200 | 1 | @a特诊特治支气管哮喘@Ate zhen te zhi zhi qi guan xiao chuan@f宫晓燕, 王宛彭主编@Fgong xiao yan,wang wan peng zhu bian |
| 210 | @a北京@c科学技术文献出版社@d2008.02 | |
| 215 | @a309页@d21cm | |
| 320 | @a有书目 (第307-309页) | |
| 330 | @a本书从中、西医两方面系统地阐述了支气管哮喘病的基础理论、病因病机、临床表现、药物应用及临床诊疗方法。着重介绍了中医特色治疗及中医名家的特诊特治经验与验案,并提供了支气管哮喘病的预防、食疗等方法,本书融中、西医学治疗方法于一炉,是广大患者及临床医生的良师益友。 | |
| 606 | 0 | @a哮喘@Axiao chuan@x诊疗 |
| 690 | @aR562.2@v4 | |
| 701 | 0 | @a宫晓燕@Agong xiao yan@4主编 |
| 701 | 0 | @a王宛彭@Awang wan peng@4主编 |
| 801 | 0 | @aCN@bQSSK@c20080512 |
| 905 | @b710229-30@dR562.2@eG375@f2 | |
| 特诊特治支气管哮喘/宫晓燕, 王宛彭主编.-北京:科学技术文献出版社,2008.02 |
| 309页;21cm |
| ISBN 978-7-5023-5861-7:CNY16.00 |
| 本书从中、西医两方面系统地阐述了支气管哮喘病的基础理论、病因病机、临床表现、药物应用及临床诊疗方法。着重介绍了中医特色治疗及中医名家的特诊特治经验与验案,并提供了支气管哮喘病的预防、食疗等方法,本书融中、西医学治疗方法于一炉,是广大患者及临床医生的良师益友。 |
| ● |
| 相关链接 |
|
|
|
正题名:特诊特治支气管哮喘
索取号:R562.2/G375
 
预约/预借
| 序号 | 登录号 | 条形码 | 馆藏地/架位号 | 状态 | 备注 |
| 1 | 710229 | 207102295 | 自科库401/401自科库 18排3列5层/ [索取号:R562.2/G375] | 在馆 | |
| 2 | 710230 | 207102302 | 自科库401/401自科库 18排3列5层/ [索取号:R562.2/G375] | 在馆 |